|
|
|
|
| LEADER |
00000nam a2200000 a 4500 |
| 001 |
vtls010461032 |
| 003 |
SK-MaSNL |
| 005 |
20260301033412.0 |
| 008 |
240314s2012 xo g 000 f slo |
| 015 |
|
|
|a SNBA2013
|
| 020 |
|
|
|a 9788081420573
|q (viaz.)
|
| 035 |
|
|
|a 7DB8749B-4047-4BE8-A6FF-5C2D23E82F4E
|
| 035 |
|
|
|a urn:nbn:sk:snk-amjlsq
|
| 035 |
|
|
|a urn:nbn:sk:snk-am002h3x
|
| 040 |
|
|
|a SNK
|b slo
|c SNK
|e AACR2
|
| 041 |
1 |
|
|a slo
|h eng
|
| 044 |
|
|
|a xo
|c SK
|
| 072 |
|
7 |
|a 821.111(73)-3
|x Americká próza
|2 konspekt
|
| 080 |
|
|
|a 821.111(73)-31
|2 2001
|
| 080 |
|
|
|a (0:82-312.5)
|2 2001
|
| 080 |
|
|
|a (0:82-993)
|2 2001
|
| 100 |
1 |
|
|a Day, Sylvia,
|d 1973-
|4 aut
|9 155619
|
| 240 |
1 |
0 |
|a Bared to you
|l Slovensky
|
| 245 |
1 |
0 |
|a Obnažená
|c Sylvia Dayová
|
| 250 |
|
|
|a 1. vyd.
|
| 260 |
|
|
|a Bratislava
|b Fortuna Libri
|c 2012
|
| 300 |
|
|
|a 342 s.
|c 22 cm
|
| 490 |
1 |
|
|a Fortuna Litera
|
| 500 |
|
|
|a Z anglického originálu preložila Elena Mrázová
|
| 655 |
|
7 |
|a americké romány
|2 SNKPH
|9 1174
|
| 655 |
|
7 |
|a ľúbostné romány
|2 SNKPH
|9 70497
|
| 655 |
|
7 |
|a erotické romány
|2 SNKPH
|9 70595
|
| 655 |
|
7 |
|a American fiction
|2 SNKPHeng
|9 281076
|
| 655 |
|
7 |
|a Love novels
|2 SNKPHeng
|9 277756
|
| 655 |
|
7 |
|a Erotic novels
|2 SNKPHeng
|9 309820
|
| 700 |
1 |
|
|a Mrázová, Elena
|4 trl
|9 332421
|
| 787 |
0 |
8 |
|i Zo série
|t Crossfire
|g 1
|
| 830 |
|
0 |
|a Fortuna Litera
|9 332422
|
| 852 |
|
|
|a Slovenská národná knižnica
|
| 919 |
|
|
|a 978-80-8142-057-3
|
| 954 |
|
|
|a beletria cudzojazyčná (svetová)
|2 lita
|
| 958 |
|
|
|a LX
|
| 958 |
|
|
|a UP
|
| 968 |
|
|
|b ENG
|
| 999 |
|
|
|c 580018
|d 581948
|
| 952 |
|
|
|a SNK
|b SNK
|y PREZ
|7 0
|p 17A1057854
|o snkSC 152178/1
|i snk2012/24681
|8 0
|0 0
|1 0
|4 0
|d 2012-11-29
|l 0
|r 2025-07-22 00:00:00
|w 2026-02-23
|
| 952 |
|
|
|a SNK
|b SNK
|y PREZ
|7 0
|p 17A1058286
|o snkSC 152178/1 D1
|i snk2012/25640
|8 0
|0 0
|1 0
|4 0
|d 2012-12-12
|f 1
|l 0
|r 2026-02-23 14:47:35
|w 2026-02-23
|